[Event "TCh-CHN 2016"]
[Site "China CHN"]
[Date "2016.09.23"]
[Round "12.4"]
[Board "5"]
[White "Lei, Tingjie"]
[Black "Khademalsharieh, Sarasadat"]
[Result "1/2-1/2"]
[WhiteTitle "WGM"]
[BlackTitle "WGM"]
[WhiteElo "2504"]
[BlackElo "2429"]
[WhiteTeam "Chongqing"]
[BlackTeam "Shandong"]
[WhiteFideId "8605114"]
[BlackFideId "12512214"]
[EventDate "2016.04.12"]

1. d4 Nf6 2. c4 e6 3. g3 d5 4. Bg2 Bb4+ 5. Bd2 Bd6 6. Nf3 c6 7. Nc3 Nbd7 8. b3
O-O 9. O-O h6 10. Qc2 Re8 11. Rfe1 dxc4 12. bxc4 e5 13. e3 Bf8 14. Rad1 exd4 15.
exd4 Rxe1+ 16. Bxe1 Nb6 17. Ne5 Qc7 18. Qe2 Bf5 19. f4 Re8 20. Bf3 Nfd7 21. c5
Nc8 22. Bf2 Nxe5 23. fxe5 Ne7 24. Ne4 Bxe4 25. Bxe4 Qd7 26. Rb1 Nd5 27. Qf3 Rd8
28. Kg2 Rb8 29. Bc2 b6 30. cxb6 Rxb6 31. Bb3 a5 32. Rc1 Rb4 33. Qd1 Nc7 34. Qc2
c5 35. a3 Rb8 36. dxc5 Qb5 37. Qc4 Qd7 38. Rd1 Qe7 39. Bc2 Qg5 40. Qe4 g6 41.
Be3 Qe7 42. Bd3 Bg7 43. Bc4 Qxe5 44. Qxe5 Bxe5 45. Bxh6 Kh7 46. Be3 Rb2+ 47. Kf3
Rxh2 48. Bxf7 Kg7 49. Bc4 Kf6 50. Rf1 Ke7 51. Re1 Kd7 52. Bd3 Ra2 53. Bc1 Bc3
54. Re2 Rxe2 55. Kxe2 Kc6 56. Be3 a4 57. Bc2 Kb5 58. Bxg6 Bb2 59. Bd3+ Kc6 60.
Bc2 Kb5 61. Bd3+ Kc6 62. Bc2 Kb5 63. c6 Bxa3 64. Bf4 Kxc6 65. Bxa4+ Kb6 66. g4
Ne6 67. Be5 Kc5 68. Kf3 Kd5 69. Bc3 Bc1 70. Bb3+ Kd6 71. Bc2 Kd5 72. Kg3 Bg5 73.
Bb3+ Kd6 74. Kf3 Bc1 75. Ke2 Bh6 76. Bc4 Bg7 77. Be5+ Kxe5 78. Kf3 Kf6 79. Ke4
Ng5+ 80. Kd5 Nf3 81. Be2 Nh2 82. Ke4 Kg6 1/2-1/2

[Event "TCh-CHN 2016"]
[Site "China CHN"]
[Date "2016.09.23"]
[Round "12.5"]
[Board "1"]
[White "Liu, Guanchu"]
[Black "Ni, Hua"]
[Result "0-1"]
[WhiteTitle "IM"]
[BlackTitle "GM"]
[WhiteElo "2366"]
[BlackElo "2681"]
[WhiteTeam "Chengdu"]
[BlackTeam "Shanghai"]
[WhiteFideId "8603901"]
[BlackFideId "8601160"]
[EventDate "2016.04.12"]

1. e4 c6 2. c4 d5 3. exd5 cxd5 4. cxd5 Nf6 5. Nc3 Nxd5 6. Nf3 Nc6 7. Bb5 Nxc3 8.
bxc3 g6 9. O-O Bg7 10. Re1 O-O 11. Ba3 Re8 12. d4 Bd7 13. Rb1 Rc8 14. Ng5 h6 15.
Ne4 Na5 16. Bd3 b6 17. Ba6 Rc7 18. d5 Nc4 19. Bb4 Nd6 20. Nxd6 exd6 21. Bxd6
Rxe1+ 22. Qxe1 Rxc3 23. Rc1 Rxc1 24. Qxc1 Qh4 25. h3 Qa4 26. Bc8 Bb5 27. Bg3
Qxa2 28. d6 Qd5 29. Bg4 Bf6 30. Qc7 h5 31. Bf3 Qc4 32. Qb8+ Kg7 33. h4 a5 34.
Qxb6 a4 35. Qa7 Qb3 36. Qc5 Qc4 37. Qa7 Qd3 38. Qc5 a3 39. Bd5 Bd7 40. Kh2 Qd4
41. Qa5 Bxh4 42. Bxh4 Qxh4+ 43. Kg1 Qd4 44. g3 Qe5 0-1

[Event "TCh-CHN 2016"]
[Site "China CHN"]
[Date "2016.09.23"]
[Round "12.5"]
[Board "2"]
[White "Li, Di"]
[Black "Zhou, Jianchao"]
[Result "1/2-1/2"]
[WhiteTitle "FM"]
[BlackTitle "GM"]
[WhiteElo "2420"]
[BlackElo "2612"]
[WhiteTeam "Chengdu"]
[BlackTeam "Shanghai"]
[WhiteFideId "8607508"]
[BlackFideId "8603537"]
[EventDate "2016.04.12"]

1. d4 Nf6 2. Nf3 g6 3. c4 Bg7 4. Nc3 d5 5. cxd5 Nxd5 6. Qb3 Nxc3 7. bxc3 O-O 8.
Ba3 b6 9. e3 Nc6 10. Be2 Na5 11. Qa4 Bd7 12. Qc2 c5 13. O-O Qc7 14. Rac1 Rac8
15. Ba6 Rb8 16. c4 Nc6 17. Qe4 Bf5 18. Qh4 cxd4 19. exd4 Bf6 20. Qg3 Qxg3 21.
hxg3 Nxd4 22. Nxd4 Bxd4 23. Bxe7 Rfe8 24. Bd6 Rbd8 25. Bc7 Bb2 26. Bxd8 Bxc1 27.
Bxb6 axb6 28. Rxc1 Ra8 29. Bb7 Rxa2 30. c5 bxc5 31. Rxc5 1/2-1/2

[Event "TCh-CHN 2016"]
[Site "China CHN"]
[Date "2016.09.23"]
[Round "12.5"]
[Board "3"]
[White "Zhao, Yuanhe"]
[Black "Lou, Yiping"]
[Result "0-1"]
[BlackTitle "IM"]
[WhiteElo "2313"]
[BlackElo "2450"]
[WhiteTeam "Chengdu"]
[BlackTeam "Shanghai"]
[WhiteFideId "8609497"]
[BlackFideId "8603928"]
[EventDate "2016.04.12"]

1. d4 Nf6 2. c4 g6 3. Nc3 d5 4. Bf4 Bg7 5. e3 c5 6. dxc5 Qa5 7. Rc1 dxc4 8. Bxc4
O-O 9. Ne2 Qxc5 10. Qb3 Nc6 11. Nb5 Qh5 12. Ng3 Qh4 13. Nc7 e5 14. Bg5 Qxg5 15.
h4 Qg4 16. Nxa8 Na5 17. Qb5 Nxc4 18. Rxc4 Bd7 19. Qb4 e4 20. Nc7 Bc6 21. Qd6 Nd7
22. Nd5 Be5 23. Ne7+ Kg7 24. Qb4 a5 25. Qd2 Qe6 26. Nxc6 Qxc4 27. Nxa5 Qxa2 28.
O-O Nf6 29. Qb4 Nd5 30. Qa3 Qxa3 31. bxa3 Bxg3 32. fxg3 b5 33. Rb1 Nxe3 34. Rxb5
Rc8 35. Kf2 Ng4+ 36. Kf1 Rc1+ 37. Ke2 Rc2+ 38. Ke1 Rxg2 39. Rb3 Ne5 40. Re3 f5
41. Nb3 Nd3+ 42. Kd1 Ra2 43. g4 Rxa3 44. Kc2 Nc5 45. gxf5 Rxb3 0-1

[Event "TCh-CHN 2016"]
[Site "China CHN"]
[Date "2016.09.23"]
[Round "12.5"]
[Board "4"]
[White "Zhang, Xiaowen"]
[Black "Ren, Xiaoyi"]
[Result "1/2-1/2"]
[WhiteTitle "WGM"]
[WhiteElo "2374"]
[BlackElo "2157"]
[WhiteTeam "Shanghai"]
[BlackTeam "Chengdu"]
[WhiteFideId "8603219"]
[BlackFideId "8608709"]
[EventDate "2016.04.12"]

1. e4 e5 2. Nf3 Nf6 3. Nxe5 d6 4. Nf3 Nxe4 5. d4 d5 6. Bd3 Nc6 7. O-O Be7 8. c4
Nb4 9. Be2 O-O 10. Nc3 Bf5 11. a3 Nxc3 12. bxc3 Nc6 13. Re1 Re8 14. cxd5 Qxd5
15. Bf4 Rac8 16. h3 Qe4 17. Bg3 Qc2 18. Qxc2 Bxc2 19. d5 Na5 20. Nd4 Ba4 21. Bb5
Bxb5 22. Nxb5 Bd6 23. Bxd6 cxd6 24. Nxd6 Rxe1+ 25. Rxe1 Rd8 26. c4 Kf8 27. c5 b6
28. Rc1 Nb3 29. c6 Nxc1 30. c7 Ra8 31. c8=Q+ Rxc8 32. Nxc8 Ne2+ 33. Kf1 Nc3 34.
Nxa7 Nxd5 1/2-1/2

[Event "TCh-CHN 2016"]
[Site "China CHN"]
[Date "2016.09.23"]
[Round "12.5"]
[Board "5"]
[White "Ju, Wenjun"]
[Black "Li, Yunshan"]
[Result "1-0"]
[WhiteTitle "GM"]
[BlackTitle "WFM"]
[WhiteElo "2568"]
[BlackElo "2024"]
[WhiteTeam "Shanghai"]
[BlackTeam "Chengdu"]
[WhiteFideId "8603006"]
[BlackFideId "8607664"]
[EventDate "2016.04.12"]

1. d4 Nf6 2. c4 g6 3. Nf3 Bg7 4. e3 O-O 5. Be2 c6 6. O-O d5 7. Nc3 dxc4 8. Bxc4
Bg4 9. Be2 Nbd7 10. e4 Nb6 11. e5 Nfd5 12. Ne4 f6 13. Nc5 Nd7 14. exf6 Bxf6 15.
Nxb7 Qb6 16. Nc5 Nxc5 17. dxc5 Qxc5 18. Ng5 Bxe2 19. Qxe2 Bxg5 20. Bxg5 Rf5 21.
Rac1 Qd6 22. Bh4 Raf8 23. Bg3 Nf4 24. Qc4+ Qd5 25. Bxf4 Qxc4 26. Rxc4 Rxf4 27.
Rxc6 a5 28. Rc2 Rb8 29. Re1 Rb7 30. b3 a4 31. Re3 Rfb4 32. Rcc3 Rd4 33. g3 Rd1+
34. Kg2 axb3 35. Rxb3 Ra7 36. Ra3 Rxa3 37. Rxa3 Rd2 38. h4 Kf7 39. Kf3 Kf6 40.
Ra6+ e6 41. g4 h6 42. Ra5 g5 43. h5 Rd3+ 44. Ke4 Rd2 45. Ke3 Rb2 46. Ra7 Ke5 47.
f3 Kd5 48. Rh7 Rxa2 49. Rxh6 Ke5 50. Rg6 Ra3+ 51. Kf2 Kf4 52. Rf6+ Ke5 53. Rf7
Ra1 54. h6 Rh1 55. h7 Rh4 56. f4+ gxf4 57. g5 Ke4 58. g6 Rh2+ 59. Kg1 1-0

[Event "TCh-CHN 2016"]
[Site "China CHN"]
[Date "2016.09.23"]
[Round "12.6"]
[Board "3"]
[White "Xu, Minghui"]
[Black "Fang, Yan"]
[Result "0-1"]
[WhiteElo "2305"]
[BlackElo "2364"]
[WhiteTeam "Zhejiang"]
[BlackTeam "Beijing"]
[WhiteFideId "8606790"]
[BlackFideId "8604746"]
[EventDate "2016.04.12"]

1. d4 Nf6 2. c4 d6 3. Nf3 Bf5 4. Nc3 g6 5. g3 Bg7 6. Bg2 O-O 7. O-O Nc6 8. d5
Na5 9. Nd4 Bd7 10. b3 c5 11. dxc6 Nxc6 12. Bb2 Qa5 13. e3 Rac8 14. Qd2 Rfd8 15.
Rfe1 a6 16. Rad1 Bg4 17. Nxc6 bxc6 18. Nd5 Qxd2 19. Nxf6+ Bxf6 20. Rxd2 Bxb2 21.
Rxb2 a5 22. f4 Be6 23. Rc1 c5 24. Kf2 Rb8 25. Bc6 Bd7 26. Bxd7 Rxd7 27. Ke2 f5
28. Rc3 Kf7 29. Rd2 a4 30. Rdd3 Ra7 31. Kd2 Ke6 32. Rc2 Kd7 33. Kc3 Kc6 34. Rd1
axb3 35. axb3 Rba8 36. Re2 Ra2 37. Rde1 e6 38. e4 fxe4 39. Rxa2 Rxa2 40. Rxe4
Kd7 41. h4 d5 42. cxd5 exd5 43. Re5 Kd6 44. Rg5 d4+ 45. Kd3 Rb2 46. Kc4 Rc2+ 0-1

[Event "TCh-CHN 2016"]
[Site "China CHN"]
[Date "2016.09.23"]
[Round "12.6"]
[Board "4"]
[White "Wang, Jue"]
[Black "Qiu, Mengjie"]
[Result "1-0"]
[WhiteTitle "WGM"]
[BlackTitle "WFM"]
[WhiteElo "2380"]
[BlackElo "2207"]
[WhiteTeam "Beijing"]
[BlackTeam "Zhejiang"]
[WhiteFideId "8604070"]
[BlackFideId "8606137"]
[EventDate "2016.04.12"]

1. e4 c6 2. d4 d5 3. e5 c5 4. Nf3 Bg4 5. c4 cxd4 6. cxd5 Qxd5 7. Nc3 Qa5 8. Bb5+
Nc6 9. Bxc6+ bxc6 10. Qxd4 Bxf3 11. gxf3 e6 12. Be3 Ne7 13. O-O-O Qc7 14. Ne4
Nf5 15. Qc3 Be7 16. Bc5 O-O 17. Bd6 Qb6 18. Rd2 Rfd8 19. Rhd1 h6 20. Kb1 Rac8
21. Rg1 c5 22. Bxe7 Nxe7 23. Nd6 Rb8 24. Rc1 Qb4 25. a3 Qf4 26. Qe3 Qxh2 27.
Rxc5 Nd5 28. Qe4 f5 29. Qe2 Qf4 30. Rc4 Qg5 31. Qd1 Kh7 32. Ka1 Rd7 33. Rc6 Qf4
34. Nc4 Rc7 35. Rxc7 Nxc7 36. Rd4 Qh2 37. Qe2 Nd5 38. Ka2 Qg1 39. Rd1 Qg5 40.
Ne3 Nb6 41. Rd4 f4 42. Nc2 Rc8 43. Nb4 a5 44. Nd3 Nd5 45. Qd2 Qf5 46. Qxa5 h5
47. Qd2 g5 48. Nb4 Nxb4+ 49. Qxb4 Qxe5 50. Rd7+ Kg6 51. Qe7 g4 52. fxg4 hxg4 53.
Qh7+ Kf6 54. Rf7+ Kg5 55. Rg7+ Qxg7 56. Qxg7+ Kf5 57. Qf7+ Ke5 58. Qh5+ Ke4 59.
Qxg4 Kd5 1-0

[Event "TCh-CHN 2016"]
[Site "China CHN"]
[Date "2016.09.23"]
[Round "12.6"]
[Board "5"]
[White "Zhao, Xue"]
[Black "Ding, Yixin"]
[Result "0-1"]
[WhiteTitle "GM"]
[BlackTitle "WGM"]
[WhiteElo "2504"]
[BlackElo "2426"]
[WhiteTeam "Beijing"]
[BlackTeam "Zhejiang"]
[WhiteFideId "8601283"]
[BlackFideId "8602972"]
[EventDate "2016.04.12"]

1. d4 Nf6 2. c4 e6 3. Nf3 d5 4. Nc3 c5 5. cxd5 cxd4 6. Qxd4 exd5 7. e3 Nc6 8.
Bb5 Bd6 9. Qa4 Bd7 10. O-O O-O 11. Rd1 a6 12. Bxc6 bxc6 13. e4 Qc7 14. exd5 Nxd5
15. Qd4 Rfe8 16. Bd2 Be5 17. Nxd5 cxd5 18. Nxe5 Qxe5 19. Qxe5 Rxe5 20. Bc3 Rg5
21. f3 Bc6 22. Kf2 Rg6 23. Rac1 Re6 24. Rc2 f6 25. Rdc1 Bb5 26. Rd2 Bc6 27. Bd4
Rae8 28. Rc5 Kf7 29. Rdc2 Bb5 30. Kg3 Re2 31. Rc1 Rd2 32. Bc3 Rd3 33. b3 d4 34.
Bb4 Rd8 35. Rc7+ Kg6 36. h4 h5 37. a4 Be8 38. Ra7 Rxb3 39. Bf8 Bf7 40. Be7 Re8
41. Rcc7 d3 42. Rd7 Be6 43. Rd4 Bf5 44. Kf4 Rc3 45. Bb4 Rc2 46. g4 hxg4 47. h5+
Kh6 48. Kxf5 gxf3 49. Kg4 f2 50. Rf4 Re4 0-1

[Event "TCh-CHN 2016"]
[Site "China CHN"]
[Date "2016.09.24"]
[Round "13.1"]
[Board "1"]
[White "Lu, Shanglei"]
[Black "Li, Shilong"]
[Result "1-0"]
[WhiteTitle "GM"]
[BlackTitle "GM"]
[WhiteElo "2619"]
[BlackElo "2514"]
[WhiteTeam "Zhejiang"]
[BlackTeam "Guangdong"]
[WhiteFideId "8603332"]
[BlackFideId "8600678"]
[EventDate "2016.04.12"]

1. e4 c5 2. Nf3 d6 3. d4 cxd4 4. Nxd4 Nf6 5. Nc3 a6 6. h3 e6 7. g4 b5 8. Bg2 Bb7
9. O-O h6 10. Re1 g6 11. a4 b4 12. Nd5 exd5 13. exd5+ Kd7 14. Bf4 Bxd5 15. Bxd5
Nxd5 16. Bg3 Nf6 17. Qf3 Ra7 18. Rad1 Rc7 19. c3 b3 20. c4 Kc8 21. c5 Rxc5 22.
Nxb3 Rc7 23. Rc1 Ne8 24. Qxf7 Rxc1 25. Rxc1+ Nc7 26. Nd4 Qd7 27. Qd5 Kd8 28. Qb7
Qc8 29. Ne6+ Qxe6 30. Qxc7+ Ke8 31. Kf1 1-0

[Event "TCh-CHN 2016"]
[Site "China CHN"]
[Date "2016.09.24"]
[Round "13.1"]
[Board "2"]
[White "Ding, Liren"]
[Black "Zeng, Chongsheng"]
[Result "1/2-1/2"]
[WhiteTitle "GM"]
[BlackTitle "GM"]
[WhiteElo "2777"]
[BlackElo "2549"]
[WhiteTeam "Zhejiang"]
[BlackTeam "Guangdong"]
[WhiteFideId "8603677"]
[BlackFideId "8603847"]
[EventDate "2016.04.12"]

1. d4 Nf6 2. c4 e6 3. Nf3 Bb4+ 4. Nbd2 b6 5. a3 Bxd2+ 6. Qxd2 Bb7 7. e3 O-O 8.
Be2 c5 9. O-O cxd4 10. Qxd4 Nc6 11. Qc3 d5 12. b4 Rc8 13. Rd1 Qe7 14. cxd5 Nxd5
15. Qb3 a5 16. e4 Nf6 17. Bg5 h6 18. Bxf6 Qxf6 19. bxa5 Nxa5 20. Qxb6 Qc3 21.
Qb4 Nb3 22. Rab1 Qxb4 23. axb4 Rc3 24. Nd4 Nxd4 25. Rxd4 e5 26. Rc4 Rxc4 27.
Bxc4 Rc8 28. Bf1 Bxe4 29. Re1 Bg6 30. Rxe5 Rc1 31. Re8+ Kh7 32. Rd8 Rb1 33. b5
Bc2 34. f3 Ba4 35. Rd5 Kg6 36. Kf2 Kf6 37. h4 Ke6 38. Bc4 Rb4 39. Rc5+ Kd6 40.
Rc6+ Ke7 41. Rc5 Kd6 42. Rd5+ Ke6 43. Rd4+ Ke5 44. Re4+ Kd6 45. Bxf7 Rxe4 46.
fxe4 Bxb5 47. Ke3 Ke5 1/2-1/2

[Event "TCh-CHN 2016"]
[Site "China CHN"]
[Date "2016.09.24"]
[Round "13.1"]
[Board "3"]
[White "Xu, Minghui"]
[Black "Xu, Yinglun"]
[Result "1/2-1/2"]
[WhiteElo "2305"]
[BlackElo "2523"]
[WhiteTeam "Zhejiang"]
[BlackTeam "Guangdong"]
[WhiteFideId "8606790"]
[BlackFideId "8604940"]
[EventDate "2016.04.12"]

1. Nf3 Nf6 2. c4 e6 3. d4 d5 4. g3 Bb4+ 5. Nbd2 dxc4 6. Qc2 b5 7. a4 c6 8. Bg2
a5 9. O-O Bb7 10. Ne5 Qxd4 11. Ndf3 Qb6 12. Ng5 O-O 13. Be4 Nxe4 14. Qxe4 f5 15.
Qh4 h6 16. Nxe6 Re8 17. Qh5 Re7 18. Bg5 c5 19. Rad1 Qxe6 20. Rd8+ Kh7 21. Bxe7
Qxe5 22. Qe8 Nc6 23. Qg8+ Kg6 24. Qe8+ Kh7 25. Qg8+ Kg6 26. Qe8+ Kh7 1/2-1/2

[Event "TCh-CHN 2016"]
[Site "China CHN"]
[Date "2016.09.24"]
[Round "13.1"]
[Board "4"]
[White "Li, Xueyi"]
[Black "Qiu, Mengjie"]
[Result "1/2-1/2"]
[BlackTitle "WFM"]
[WhiteElo "2112"]
[BlackElo "2207"]
[WhiteTeam "Guangdong"]
[BlackTeam "Zhejiang"]
[WhiteFideId "8605912"]
[BlackFideId "8606137"]
[EventDate "2016.04.12"]

1. d4 Nf6 2. c4 e6 3. g3 d5 4. Bg2 dxc4 5. Nf3 Nc6 6. Qa4 Bb4+ 7. Bd2 Nd5 8.
Bxb4 Nxb4 9. O-O Rb8 10. Na3 O-O 11. Qb5 b6 12. Qxc4 Ba6 13. Nb5 Qd5 14. Qxd5
Nxd5 15. a4 Na5 16. Ne5 Rbd8 17. Nxa7 Nb3 18. Nac6 Nxa1 19. Nxd8 Rxd8 20. Rxa1
Bxe2 21. Re1 Bh5 22. Nc6 Ra8 23. Ne7+ Kf8 24. Nxd5 exd5 25. Bxd5 Rd8 26. Bc6 g5
27. d5 Bf3 28. b4 Rd6 29. Re5 f6 30. Re8+ Kf7 31. Rc8 Bxd5 32. Bxd5+ Rxd5 33.
Rxc7+ Kg6 34. Rb7 Rd1+ 35. Kg2 Ra1 36. Rxb6 Rxa4 37. Rb8 Ra3 38. b5 Rb3 39. b6
Kf7 40. Kf1 Rb2 41. Ke1 Kg7 42. g4 Kh6 43. h3 Kg7 44. b7 Rb1+ 45. Kd2 Rb2+ 46.
Ke3 Rb1 47. Kf3 Rb4 48. Kg3 Rb3+ 49. f3 Rb4 50. h4 gxh4+ 51. Kxh4 h6 52. Kg3 Rb1
53. Kf2 Rb3 54. Ke2 Rb2+ 55. Ke3 Rb1 56. f4 Re1+ 57. Kd4 Rd1+ 58. Ke4 Re1+ 59.
Kd5 Rd1+ 60. Ke6 Re1+ 1/2-1/2

[Event "TCh-CHN 2016"]
[Site "China CHN"]
[Date "2016.09.24"]
[Round "13.1"]
[Board "5"]
[White "Padmini, Rout"]
[Black "Ding, Yixin"]
[Result "1/2-1/2"]
[WhiteTitle "IM"]
[BlackTitle "WGM"]
[WhiteElo "2408"]
[BlackElo "2426"]
[WhiteTeam "Guangdong"]
[BlackTeam "Zhejiang"]
[WhiteFideId "5029295"]
[BlackFideId "8602972"]
[EventDate "2016.04.12"]

1. e4 g6 2. d4 Bg7 3. Nc3 d6 4. Be3 a6 5. Qd2 Nd7 6. h4 h6 7. f4 h5 8. Nf3 Nh6
9. O-O-O b5 10. Bd3 Bb7 11. Ng5 Nb6 12. Ne2 d5 13. e5 e6 14. Ng3 Qd7 15. Qe2
O-O-O 16. Kb1 Kb8 17. Rhe1 Bf8 18. Bc1 Bc8 19. Nf1 Be7 20. Nd2 Na4 21. Nb3 Qc6
22. Ka1 Ka8 23. Na5 Qb6 24. Nb3 Qc6 25. Na5 Qb6 26. Nb3 Qc6 27. Na5 1/2-1/2

[Event "TCh-CHN 2016"]
[Site "China CHN"]
[Date "2016.09.24"]
[Round "13.2"]
[Board "1"]
[White "Yu, Yangyi"]
[Black "Zhao, Yuanhe"]
[Result "1-0"]
[WhiteTitle "GM"]
[WhiteElo "2738"]
[BlackElo "2313"]
[WhiteTeam "Beijing"]
[BlackTeam "Chengdu"]
[WhiteFideId "8603820"]
[BlackFideId "8609497"]
[EventDate "2016.04.12"]

1. g3 Nf6 2. Bg2 d5 3. c4 d4 4. Nf3 c5 5. b4 cxb4 6. a3 bxa3 7. O-O Nc6 8. d3 e5
9. Qa4 Bd7 10. Nxa3 Bd6 11. Bg5 O-O 12. Rfb1 Rb8 13. Nd2 h6 14. Bxf6 gxf6 15.
Nb5 Bg4 16. Kf1 Qd7 17. Nxa7 Ra8 18. Qb5 Rfb8 19. Ne4 Be7 20. Qb6 Bh3 21. Nxc6
Bxg2+ 22. Kxg2 Qxc6 23. Rxa8 Rxa8 24. Qxb7 Qxb7 25. Rxb7 Kf8 26. g4 h5 27. gxh5
f5 28. Ng3 f4 29. Nf5 Bg5 30. c5 1-0

[Event "TCh-CHN 2016"]
[Site "China CHN"]
[Date "2016.09.24"]
[Round "13.2"]
[Board "2"]
[White "Fang, Yan"]
[Black "Li, Di"]
[Result "1/2-1/2"]
[BlackTitle "FM"]
[WhiteElo "2364"]
[BlackElo "2420"]
[WhiteTeam "Beijing"]
[BlackTeam "Chengdu"]
[WhiteFideId "8604746"]
[BlackFideId "8607508"]
[EventDate "2016.04.12"]

1. e4 e5 2. Nf3 Nf6 3. Nxe5 d6 4. Nf3 Nxe4 5. d3 Nf6 6. d4 d5 7. Bd3 Bd6 8. Qe2+
Be6 9. Bf5 Qe7 10. Bxe6 Qxe6 11. Qxe6+ fxe6 12. O-O Nc6 13. c3 O-O 14. Bg5 h6
15. Bh4 Nh5 16. Bg3 Nxg3 17. hxg3 g5 18. Nbd2 g4 19. Ne1 e5 20. Nc2 exd4 21.
cxd4 Rae8 22. Rfe1 Nb4 23. Nxb4 Bxb4 24. Rxe8 Rxe8 25. Nb3 Re2 26. Rb1 Rc2 27.
Kf1 Kf7 28. a3 Be7 29. Nc1 Bf6 30. Ne2 Ke6 31. f3 Kf5 32. Ke1 Rc6 33. Kd2 Rb6
34. Kd3 c5 35. dxc5 Rb3+ 36. Kc2 Re3 37. Kd2 Rb3 38. Kc2 Re3 39. Kd2 Rb3 1/2-1/2

[Event "TCh-CHN 2016"]
[Site "China CHN"]
[Date "2016.09.24"]
[Round "13.2"]
[Board "3"]
[White "Zhang, Zhong"]
[Black "Xu, Xiangyu"]
[Result "1-0"]
[WhiteTitle "GM"]
[WhiteElo "2634"]
[BlackElo "2447"]
[WhiteTeam "Beijing"]
[BlackTeam "Chengdu"]
[WhiteFideId "8600694"]
[BlackFideId "8608288"]
[EventDate "2016.04.12"]

1. e4 e5 2. Bc4 Nf6 3. Qe2 Bc5 4. Nf3 Qe7 5. c3 d6 6. Bb3 Nc6 7. d3 h6 8. Nbd2
Be6 9. Bc2 Bb6 10. h3 Rd8 11. g4 d5 12. Rg1 g6 13. Nf1 Qc5 14. exd5 Nxd5 15. Bd2
O-O 16. Ng3 Nf4 17. Bxf4 exf4 18. Ne4 Qb5 19. O-O-O Kg7 20. h4 Bxa2 21. Qd2 Na5
22. c4 Nb3+ 23. Bxb3 Qxb3 24. c5 Rfe8 25. Qxf4 Ba5 26. Nd4 Qb4 27. Nf5+ gxf5 28.
gxf5+ Kf8 29. Rde1 Ke7 30. Nf6+ Be6 31. Rxe6+ fxe6 32. Qe5 Qd2+ 33. Kb1 Kf7 34.
Rg7+ 1-0

[Event "TCh-CHN 2016"]
[Site "China CHN"]
[Date "2016.09.24"]
[Round "13.2"]
[Board "4"]
[White "Li, Yunshan"]
[Black "Zhao, Xue"]
[Result "0-1"]
[WhiteTitle "WFM"]
[BlackTitle "GM"]
[WhiteElo "2024"]
[BlackElo "2504"]
[WhiteTeam "Chengdu"]
[BlackTeam "Beijing"]
[WhiteFideId "8607664"]
[BlackFideId "8601283"]
[EventDate "2016.04.12"]

1. d4 Nf6 2. c4 e6 3. g3 Bb4+ 4. Nd2 d5 5. Nf3 O-O 6. Bg2 c5 7. cxd5 exd5 8. O-O
Nc6 9. dxc5 Bxc5 10. Nb3 Bb6 11. Nbd4 Re8 12. b3 Bg4 13. Bb2 Rc8 14. a3 Ne4 15.
h3 Bxf3 16. Bxf3 Qf6 17. e3 Nxd4 18. Bxd4 Bxd4 19. exd4 Rc3 20. Bg2 g6 21. b4
Rec8 22. Qg4 Qxd4 23. Rad1 Qb6 24. Bxe4 dxe4 25. Rfe1 h5 26. Qg5 Rf3 27. Rd2 Re8
28. Kg2 Rxa3 29. Qf4 Rf3 30. Qg5 Qxb4 31. Red1 Qe7 32. Qb5 e3 33. fxe3 Rxe3 34.
Ra1 h4 0-1

[Event "TCh-CHN 2016"]
[Site "China CHN"]
[Date "2016.09.24"]
[Round "13.2"]
[Board "5"]
[White "Ren, Xiaoyi"]
[Black "Wang, Jue"]
[Result "1/2-1/2"]
[BlackTitle "WGM"]
[WhiteElo "2157"]
[BlackElo "2380"]
[WhiteTeam "Chengdu"]
[BlackTeam "Beijing"]
[WhiteFideId "8608709"]
[BlackFideId "8604070"]
[EventDate "2016.04.12"]

1. d4 Nf6 2. c4 g6 3. Nc3 Bg7 4. Bf4 O-O 5. e3 d6 6. h3 b6 7. Nf3 Bb7 8. Be2 Ne4
9. Rc1 Nxc3 10. Rxc3 Nd7 11. Rd3 Qe8 12. O-O Rd8 13. d5 Nc5 14. Rd2 e5 15. dxe6
Nxe6 16. Bg3 Nc5 17. Bh4 Rd7 18. Qc2 Ne4 19. Rdd1 h6 20. c5 bxc5 21. Bb5 c6 22.
Bd3 Nf6 23. Bg3 Nd5 24. a3 Qe7 25. e4 Nc7 26. Rfe1 Ne6 27. e5 d5 28. b3 Rfd8 29.
Rc1 c4 30. bxc4 c5 31. cxd5 Bxd5 32. Be4 Bxe4 33. Qxe4 Rd3 34. Re3 Qd7 35. Rxd3
Qxd3 36. Qa4 Rd7 37. Kh2 a6 38. Rc4 Kh7 39. Qxa6 Qb1 40. Qc6 Rd1 41. Bf4 Rh1+
42. Kg3 Nd4 43. Rxd4 cxd4 44. e6 fxe6 45. Qd7 g5 46. Be5 Qg6 47. Qxd4 Bxe5+ 48.
Nxe5 Qf6 49. Qe4+ Kg7 50. Qb7+ Kg8 51. Qc8+ Kg7 52. Qb7+ Kg8 53. Qc8+ Kg7 54.
Qb7+ 1/2-1/2

[Event "TCh-CHN 2016"]
[Site "China CHN"]
[Date "2016.09.24"]
[Round "13.3"]
[Board "1"]
[White "Ni, Hua"]
[Black "Bu, Xiangzhi"]
[Result "1/2-1/2"]
[WhiteTitle "GM"]
[BlackTitle "GM"]
[WhiteElo "2681"]
[BlackElo "2719"]
[WhiteTeam "Shanghai"]
[BlackTeam "Shandong"]
[WhiteFideId "8601160"]
[BlackFideId "8601445"]
[EventDate "2016.04.12"]

1. d4 Nf6 2. c4 e6 3. Nf3 d5 4. Nc3 Bb4 5. Bg5 h6 6. Bxf6 Qxf6 7. e3 O-O 8. Rc1
dxc4 9. Bxc4 c5 10. O-O cxd4 11. Ne4 Qe7 12. a3 Ba5 13. Qxd4 Rd8 14. Qc5 Qxc5
15. Nxc5 Nd7 16. Nb3 Bb6 17. Be2 Kf8 18. a4 a5 19. Bb5 Nf6 20. Ne5 Bd7 21. Nxd7+
Nxd7 22. Rfd1 Nf6 23. Kf1 Rxd1+ 24. Rxd1 Rd8 25. Rxd8+ Bxd8 26. Ke2 Ke7 27. h3
Ne4 28. Nd2 Nxd2 29. Kxd2 Bb6 30. b3 Bc5 31. Kd3 b6 32. Ke4 1/2-1/2

[Event "TCh-CHN 2016"]
[Site "China CHN"]
[Date "2016.09.24"]
[Round "13.3"]
[Board "2"]
[White "Zhou, Jianchao"]
[Black "Zhao, Jun"]
[Result "1/2-1/2"]
[WhiteTitle "GM"]
[BlackTitle "GM"]
[WhiteElo "2612"]
[BlackElo "2634"]
[WhiteTeam "Shanghai"]
[BlackTeam "Shandong"]
[WhiteFideId "8603537"]
[BlackFideId "8602522"]
[EventDate "2016.04.12"]

1. c4 e5 2. Nc3 Nf6 3. Nf3 Nc6 4. d3 d5 5. cxd5 Nxd5 6. e3 Be7 7. Be2 O-O 8. O-O
Be6 9. a3 a5 10. Qc2 Qd7 11. Bd2 Rfd8 12. Na4 f6 13. Rfc1 Kh8 14. Nc5 Bxc5 15.
Qxc5 a4 16. Be1 Nde7 17. Nd2 b6 18. Qc2 Bg4 19. Bf1 Be6 20. Be2 Bg4 21. Bf1 Be6
22. Be2 1/2-1/2

[Event "TCh-CHN 2016"]
[Site "China CHN"]
[Date "2016.09.24"]
[Round "13.3"]
[Board "3"]
[White "Lou, Yiping"]
[Black "Wen, Yang"]
[Result "1/2-1/2"]
[WhiteTitle "IM"]
[BlackTitle "GM"]
[WhiteElo "2450"]
[BlackElo "2614"]
[WhiteTeam "Shanghai"]
[BlackTeam "Shandong"]
[WhiteFideId "8603928"]
[BlackFideId "8602956"]
[EventDate "2016.04.12"]

1. d4 d5 2. c4 c6 3. Nf3 Nf6 4. cxd5 cxd5 5. Nc3 Nc6 6. Bf4 Bf5 7. e3 e6 8. Bd3
Bxd3 9. Qxd3 Be7 10. O-O O-O 11. Rfc1 a6 12. Ne5 Nxe5 13. Bxe5 Rc8 14. Bxf6 Bxf6
15. Rc2 Qa5 16. Ne2 Qa4 17. b3 Qd7 18. Rac1 Be7 19. Rxc8 Rxc8 20. Rxc8+ Qxc8 21.
Qc3 Qd7 22. Nf4 g6 23. h3 Kg7 24. Nd3 Bd6 25. Kf1 Qd8 26. Qc2 Qd7 27. Qc3 Qd8
28. Qc2 Qd7 29. Qc3 Qd8 30. Qc2 Qd7 1/2-1/2